Statistiken für Länder Nordamerikas - alphabetisch

Klicken Sie hier um das Quiz zu spielen!

Allgemein

  • Dieses Quiz wurde 219 mal gespielt
  • Das Durchschnittsergebnis liegt bei 21 aus 23

Antwortstatistiken

Länder% Korrekt
BBahamas
96%
AAntigua und Barbuda
94%
BBarbados
94%
DDominikanische Republik
94%
HHaiti
94%
HHonduras
94%
CCosta Rica
93%
DDominica
93%
GGrenada
93%
GGuatemala
93%
JJamaika
93%
BBelize
92%
KKuba
92%
PPanama
92%
EEl Salvador
91%
KKanada
91%
NNicaragua
91%
SSaint Lucia
91%
SSaint Kitts und Nevis
90%
SSaint Vincent und die Grenadinen
90%
MMexiko
89%
TTrinidad und Tobago
88%
VVereinigte Staaten von Amerika
78%

Verteilung der Resultate

Perzentil nach korrekt beantworteten Fragen

Anzahl Personen mit jedem Resultat

Ihre Resultats-Entwicklung

Sie haben dieses Quiz noch nicht gespielt